000 03321nam a2200253 4500
005 20250329165509.0
008 170718s2024 000 0 eng d
040 _aCO-CtgCURN
_bspa
_ccoctgcurn
082 0 _aTSI 2024
_bV145
100 1 _aValdez López, Dayana María.
245 1 0 _aDesarrollo de un sistema de gestión de prácticas empresariales /
_cDayana Maria Valdez Lopez; Jennifer Paola Sanchez Garcia; Docente:Jairo Acosta Solano.
260 _aCartagena de Indias :
_bCorporación Universitaria Rafael Nuñez,
_c2024.
300 _a78 hojas.
504 _aTrabajo de grado (Tecnologo en sistemas de información y software). Corporación Universitaria Rafael Nuñez. Facultad de ingenieria de sistema. Tecnologia en sistema de información y software, 2024.
520 _a"En la actualidad de la educación superior, las practicas universitarias desempeñan un papel vital en la formación de los estudiantes y su preparación para el mundo laboral. Estas experiencias no sólo enriquecen su aprendizaje, sino que también les brindan la oportunidad de aplicar el conocimiento adquirido en entornos del mundo real y desarrollar habilidades profesionales.En base a la importancia de las prácticas universitarias, se realizará un sistema de gestión de prácticas para el área de ingeniería de sistemas de la CURN. Este sistema representa un avance significativo en la administración de los datos de estudiantes que realizan prácticas y empresas en las cuales hay vacantes, brindándoles una experiencia más enriquecedora y una mayor eficiencia en todo el proceso. El objetivo principal de este proyecto es proporcionar una plataforma integral que permita al personal administrativo gestionar de manera eficaz todas las fases de las prácticas universitarias. Este proyecto representa un compromiso firme con la mejora continua de la calidad de la CURN. Al implementar el sistema de gestión de prácticas estableceremos un sistema transparente y eficiente que beneficiara mucho al área administrativa de la facultad de ingeniería de sistemas en la universidad. Este sistema de gestión de prácticas universitarias para el área de ingeniería de sistemas de la CURN pretende revolucionar la forma en que se gestionan las experiencias prácticas. Ya que se busca facilitar el proceso para el personal administrativo de la universidad. La implementación de este sistema no solo representa un avance tecnológico, sino también un compromiso con la calidad educativa y la mejora continua. Al centralizar la información y optimizar los procesos."
650 0 _aSistemas de información y software
_xTesis y disertaciones academicas.
700 1 _aSánchez García, Jennifer Paola.
700 1 _aAcosta Solano, Jairo,
_easesor.
856 _uhttps://unicurn.sharepoint.com/:b:/s/biblioteca/ESX-eABFEB1FjaWPUKuULwsBbtHMGvErOL0IQUScDji8nA?e=W7edbF
_zClick aqui para ver el recurso en texto completo
856 _uhttps://unicurn.sharepoint.com/:f:/s/biblioteca/Ep0Hgen5S-BIseUitZCB0gkBUrhioXBrYBWe4i2DwA5POQ?e=Q22HSR
_zManual del sistema y del usuario
856 _uhttps://unicurn.sharepoint.com/:f:/s/biblioteca/Ep0Hgen5S-BIseUitZCB0gkBUrhioXBrYBWe4i2DwA5POQ?e=Q22HSR
_zProgramas
942 _hTSI 2024
_iV145
_2ddc
_cTG
999 _c5984
_d5984